<?xml version="1.0" encoding="UTF-8"?>
<collection xmlns="http://www.loc.gov/MARC21/slim">
 <record>
  <leader>04072nam a22003731a 4500</leader>
  <controlfield tag="001">000041186</controlfield>
  <controlfield tag="003">17482</controlfield>
  <controlfield tag="005">20240619162436.0</controlfield>
  <controlfield tag="008">170310s2016    vm            000   eng</controlfield>
  <datafield tag="040" ind1=" " ind2=" ">
   <subfield code="a">LNN</subfield>
  </datafield>
  <datafield tag="041" ind1=" " ind2=" ">
   <subfield code="a">eng</subfield>
  </datafield>
  <datafield tag="082" ind1=" " ind2=" ">
   <subfield code="a">425</subfield>
   <subfield code="b">NG-H</subfield>
  </datafield>
  <datafield tag="100" ind1=" " ind2=" ">
   <subfield code="a">Nguyễn,Võ Thị Thu Hiền.</subfield>
  </datafield>
  <datafield tag="245" ind1=" " ind2="3">
   <subfield code="a">an investigation into conceptual metaphors of “moon” and “trăng” in english and vietnamese poetry in the 19th and 20th centuries /</subfield>
   <subfield code="c">Nguyễn Võ Thị Thu Hiền.</subfield>
  </datafield>
  <datafield tag="260" ind1=" " ind2=" ">
   <subfield code="a">ĐHNN,</subfield>
   <subfield code="c">2016.</subfield>
  </datafield>
  <datafield tag="300" ind1=" " ind2=" ">
   <subfield code="a">85tr . : ill ; 30cm.</subfield>
  </datafield>
  <datafield tag="520" ind1=" " ind2=" ">
   <subfield code="a">This thesis carried out an investigation into conceptual metaphors of “moon’’ in English and “trăng” in Vietnamese in the 19th and 20th century poetry. This is an attempt to find out the similarities and differences of conceptual metaphors of “moon” and “trăng” used in 19th and 20th century poems in English and Vietnamese. To achieve the purposes, this paper chose the descriptive, comparative, quantitative and qualitative approaches throughout the study. There are 449 metaphorical expressions of “moon” and “trăng” collected from English and Vietnamese poems in books, journals and on the Internet. The result shows that there are ten interesting source domains occur in conceptual metaphors of “moon” (“trăng”) in English, Vietnamese, or both. They are: A PERSON, A CONTAINER, AN OBJECT, A PLANT, AN ANIMAL, FOOD AND DRINK, A DESTINATION, WATER, and A COVER. Besides, there were also findings about similarities and differences of conceptual metaphors of “moon” used in poetry between the two languages. The differences were found through the differences in language using, through the different frequency of occurrence and through some source domains which are used in one language but were not in another one. The research also suggests some implications for teaching, learning and translating of conceptual metaphors, which are useful for Vietnamese learners of English to be successful in cross-cultural communication.</subfield>
  </datafield>
  <datafield tag="653" ind1=" " ind2=" ">
   <subfield code="a">conceptual metaphors, moon, trăng.</subfield>
  </datafield>
  <datafield tag="653" ind1=" " ind2=" ">
   <subfield code="a">moon</subfield>
  </datafield>
  <datafield tag="653" ind1=" " ind2=" ">
   <subfield code="a">trăng</subfield>
  </datafield>
  <datafield tag="OWN" ind1=" " ind2=" ">
   <subfield code="a">LNN</subfield>
  </datafield>
  <datafield tag="AVA" ind1=" " ind2=" ">
   <subfield code="a">UDN50</subfield>
   <subfield code="b">LNN</subfield>
   <subfield code="c">English</subfield>
   <subfield code="d">425 NG-H</subfield>
   <subfield code="e">available</subfield>
   <subfield code="t">Error 5001 Not defined in file expand_doc_bib_avail.</subfield>
   <subfield code="f">1</subfield>
   <subfield code="g">0</subfield>
   <subfield code="h">N</subfield>
   <subfield code="i">0</subfield>
   <subfield code="j">AN</subfield>
   <subfield code="k">1</subfield>
  </datafield>
  <datafield tag="Z40" ind1="3" ind2=" ">
   <subfield code="y">AN INVESTIGATION INTO CONCEPTUAL METAPHORS OF “MOON” AND “TRĂNG” IN ENGLISH AND VIETNAMESE</subfield>
   <subfield code="l">Library of UFL</subfield>
   <subfield code="t">VIEW</subfield>
   <subfield code="x">http://catalog.udn.vn:80/F?func=service&amp;doc_library=UDN01&amp;local_base=UDN01&amp;doc_number=000041186&amp;sequence=000001&amp;line_number=0001&amp;func_code=DB_RECORDS&amp;service_type=MEDIA</subfield>
   <subfield code="f">tomtat_000008014.pdf</subfield>
   <subfield code="e">pdf</subfield>
   <subfield code="s">000350472</subfield>
   <subfield code="k">20200913</subfield>
   <subfield code="m">NTMTHI</subfield>
  </datafield>
  <datafield tag="Z40" ind1="3" ind2=" ">
   <subfield code="y">AN INVESTIGATION INTO CONCEPTUAL METAPHORS OF “MOON” AND “TRĂNG” IN ENGLISH AND VIETNAMESE</subfield>
   <subfield code="l">Library of UFL</subfield>
   <subfield code="t">VIEW</subfield>
   <subfield code="x">http://catalog.udn.vn:80/F?func=service&amp;doc_library=UDN01&amp;local_base=UDN01&amp;doc_number=000041186&amp;sequence=000002&amp;line_number=0002&amp;func_code=DB_RECORDS&amp;service_type=MEDIA</subfield>
   <subfield code="f">luanvan_000008016.pdf</subfield>
   <subfield code="e">pdf</subfield>
   <subfield code="s">001072687</subfield>
   <subfield code="k">20200913</subfield>
   <subfield code="m">NTMTHI</subfield>
  </datafield>
  <datafield tag="999" ind1=" " ind2=" ">
   <subfield code="a">From the UDN01</subfield>
  </datafield>
  <datafield tag="AVA" ind1=" " ind2=" ">
   <subfield code="a">UDN50</subfield>
   <subfield code="b">LNN</subfield>
   <subfield code="c">English</subfield>
   <subfield code="d">425 NG-H</subfield>
   <subfield code="e">available</subfield>
   <subfield code="t">Error 5001 Not defined in file expand_doc_bib_avail.</subfield>
   <subfield code="f">1</subfield>
   <subfield code="g">0</subfield>
   <subfield code="h">N</subfield>
   <subfield code="i">0</subfield>
   <subfield code="j">AN</subfield>
   <subfield code="k">1</subfield>
  </datafield>
  <datafield tag="TYP" ind1=" " ind2=" ">
   <subfield code="a">Monograph</subfield>
  </datafield>
  <datafield tag="TYP" ind1=" " ind2=" ">
   <subfield code="a">Printed language</subfield>
  </datafield>
  <datafield tag="856" ind1=" " ind2=" ">
   <subfield code="y">AN INVESTIGATION INTO CONCEPTUAL METAPHORS OF “MOON” AND “TRĂNG” IN ENGLISH AND VIETNAMESE</subfield>
   <subfield code="l">Library of UFL</subfield>
   <subfield code="t">VIEW</subfield>
   <subfield code="x">http://catalog.udn.vn:80/F?func=service&amp;doc_library=UDN01&amp;local_base=UDN01&amp;doc_number=000041186&amp;sequence=000001&amp;line_number=0001&amp;func_code=DB_RECORDS&amp;service_type=MEDIA</subfield>
   <subfield code="f">tomtat_000008014.pdf</subfield>
   <subfield code="e">pdf</subfield>
   <subfield code="s">000350472</subfield>
   <subfield code="k">20200913</subfield>
   <subfield code="m">NTMTHI</subfield>
  </datafield>
  <datafield tag="856" ind1=" " ind2=" ">
   <subfield code="y">AN INVESTIGATION INTO CONCEPTUAL METAPHORS OF “MOON” AND “TRĂNG” IN ENGLISH AND VIETNAMESE</subfield>
   <subfield code="l">Library of UFL</subfield>
   <subfield code="t">VIEW</subfield>
   <subfield code="x">http://catalog.udn.vn:80/F?func=service&amp;doc_library=UDN01&amp;local_base=UDN01&amp;doc_number=000041186&amp;sequence=000002&amp;line_number=0002&amp;func_code=DB_RECORDS&amp;service_type=MEDIA</subfield>
   <subfield code="f">luanvan_000008016.pdf</subfield>
   <subfield code="e">pdf</subfield>
   <subfield code="s">001072687</subfield>
   <subfield code="k">20200913</subfield>
   <subfield code="m">NTMTHI</subfield>
  </datafield>
  <datafield tag="980" ind1=" " ind2=" ">
   <subfield code="a">Mạng thư viện Đại học Đà Nẵng</subfield>
  </datafield>
 </record>
</collection>
